Jurassic Park - Filmreihe - Statistiken

Allgemein
  • Dieses Quiz wurde 95 mal gespielt
  • Das Durchschnittsergebnis liegt bei 4 aus 7
Antwortstatistiken
Jahr Titel % Korrekt
1993 Jurassic Park
96%
2015 Jurassic World
86%
2001 Jurassic Park III
57%
1997 Vergessene Welt: Jurassic Park
54%
2025 Jurassic World: Die Wiedergeburt
29%
2022 Jurassic World: Ein neues Zeitalter
21%
2018 Jurassic World: Das gefallene Königreich
18%
Keine übereinstimmenden Quizze gefunden
Verteilung der Resultate
Anzahl Personen mit jedem Resultat
Perzentil nach korrekt beantworteten Fragen
Ihre Resultats-Entwicklung
Sie haben dieses Quiz noch nicht gespielt